000 00263nam a2200109Ia 4500
008 190723s9999 xx 000 0 und d
100 _aMushtaq Ahmed
245 0 _aBenazir Politics of Power
260 _aKarachi
_bRoyal Book
_c1987
300 _a107
942 _cBK
999 _c1244
_d1244